| 000 | 01043nam a2200277 i 4500 | ||
|---|---|---|---|
| 001 | 186700 | ||
| 003 | SpMaBN | ||
| 005 | 20240124170143.0 | ||
| 008 | 170207s2016 sp |||| | spa d | ||
| 020 | _a978-84-220-1896-4 | ||
| 080 | _a27-31 | ||
| 080 | _a27 Benedicto XVI, Papa | ||
| 100 | 1 |
_aRamos Centeno, Vicente. _995294 |
|
| 245 | 1 | 0 |
_aPensando con Ratzinger _b: reflexiones filosóficas a partir del "Jesús de Nazaret" / _cVicente Ramos Centeno. |
| 246 | 1 | 0 | _aJesús de Nazareth |
| 260 |
_aMadrid : _bBiblioteca de Autores Cristianos, _c2016. |
||
| 300 |
_aXXIX, 136 p. ; _c21 cm. |
||
| 490 | 1 |
_aEstudios y ensayos BAC ; _v194. _aFilosofía |
|
| 504 | _aBibliografía: p. [XXV]-XXVIII. | ||
| 600 | 0 | 7 |
_aJesucristo. _966361 |
| 600 | 0 | 7 |
_aBenedicto _bXVI _cPapa- _xCrítica e interpretación. _9161656 |
| 700 | 0 |
_aBenedicto _bXVI, _cPapa _9234934 |
|
| 830 | 0 |
_aEstudios y ensayos BAC ; _v194. _aFilosofía _9225460 |
|
| 852 |
_aES-MaACL _jA-6115 _z. - Dedicatoria autógrafa del autor |
||
| 999 |
_c186700 _d186700 |
||